| 000 | 00593nam a2200193 a 4500 | ||
|---|---|---|---|
| 005 | 20220915063600.0 | ||
| 008 | 991125s1985 mx 000 0 spa u | ||
| 020 | _a9682907942 | ||
| 035 | _aUPN01000006234 | ||
| 049 | _aCG | ||
| 050 | 4 |
_aLC5309 U6 _bC3204 1985 GA |
|
| 245 | 0 | 0 |
_aCálculo II : _b[unidad IV] : aplicaciones de la integral. |
| 260 |
_aMéxico : _bUPN, _c1985. |
||
| 300 | _a73 p. | ||
| 500 | _a"Sistema de Educación a Distancia. Especialización en Educación a Distancia. Guía de autoinstrucción" | ||
| 650 | 7 |
_aCálculo _2 _94497 |
|
| 650 | 4 | _aINTEGRALES | |
| 905 | _aLibro | ||
| 999 |
_c6234 _d6234 |
||